Good statistical practice for natural resources research

Bibliographic Details
Other Authors: Stern, R. D. [ (Roger D.), , 1944-
Format: Book
Published: Oxfordshire, UK Cambridge, MA : CABI Pub. , c2004.
Subjects:

MARC

LEADER 00000cam a2200000 7i4500
001 0000003274
005 20050819.0
020 0 0 |a 0851997228 
090 0 0 |a 333.70727   |b GOO 
245 1 0 |a Good statistical practice for natural resources research   |c edited by Roger Stern ... [et al.]. 
260 0 0 |a Oxfordshire, UK   |a Cambridge, MA :   |b CABI Pub. ,   |c c2004. 
300 |a xviii, 388 p. :   |b ill. ;   |c 24 cm. 
500 0 0 |a Statistical Services Centre, University of Reading, UK; World Agroforestry Centre (ICRAF), Nairobi, Kenya." 
650 0 0 |a Natural resources   |x Management   |x Research. 
650 0 0 |a Natural resources   |x Management   |x Research   |x Statistical methods. 
700 1 1 |a Stern, R. D. [  |q (Roger D.), ,   |d 1944- 
999 |a 0000006229   |b Monograph   |c Open Shelf   |e Default branch